LEADER 01748nam 2200517Ia 450 001 9910701057803321 005 20111031084322.0 035 $a(CKB)5470000002414459 035 $a(OCoLC)759104157 035 $a(EXLCZ)995470000002414459 100 $a20111031d2011 ua 0 101 0 $aeng 135 $aurcn||||||||| 181 $ctxt$2rdacontent 182 $cc$2rdamedia 183 $acr$2rdacarrier 200 10$aMax Launch Abort System (MLAS) Landing Parachute Demonstrator (LPD) drop test$b[electronic resource] /$fChristopher M. Shreves 210 1$aHampton, Va. :$cNational Aeronautics and Space Administration, Langley Research Center,$d[2011] 215 $a1 online resource (v, 28 pages) $ccolor illustrations, color maps 225 1 $aNASA/TM ;$v2011-217086 300 $aTitle from title screen (viewed on Oct. 31, 2011). 300 $a"May 2011." 320 $aIncludes bibliographical references (page 28). 517 $aMax Launch Abort System 606 $aDrop tests$2nasat 606 $aParachutes$2nasat 606 $aAbort apparatus$2nasat 606 $aSoft landing$2nasat 606 $aSpacecraft modules$2nasat 606 $aSimulators$2nasat 606 $aH-53 helicopter$2nasat 615 7$aDrop tests. 615 7$aParachutes. 615 7$aAbort apparatus. 615 7$aSoft landing. 615 7$aSpacecraft modules. 615 7$aSimulators. 615 7$aH-53 helicopter. 700 $aShreves$b Christopher M$01419551 712 02$aLangley Research Center. 801 0$bGPO 801 1$bGPO 906 $aBOOK 912 $a9910701057803321 996 $aMax Launch Abort System (MLAS) Landing Parachute Demonstrator (LPD) drop test$93534407 997 $aUNINA LEADER 01134nam0-22003851i-450 001 990000786140403321 005 20250805074527.0 035 $a000078614 035 $aFED01000078614 035 $a(Aleph)000078614FED01 035 $a000078614 100 $a20020821d1997----km-y0itay50------ba 101 0 $aita 102 $aIT 105 $aa-------001yy 200 1 $aFrank Lloyd Wright$edesigner of furniture$fFilippo Alison$gprefazione Bruce B. Pfeiffer 210 $aNapoli$cFratelli Fiorentino$d1997 215 $a269 p.$cill.$d32 cm 610 0 $aWright Frank Lloyd$aDesign 610 0 $aMobili$aDesign$a1900-1940 700 1$aAlison,$bFilippo$f<1930- >$011009 702 1$aWright,$bFrank Lloyd$f<1869-1959> 801 0$aIT$bUNINA$gRICA$2UNIMARC 901 $aBK 912 $a990000786140403321 952 $aMON C 490$b9172$fFARBC 952 $aMON C 464$b8224$fFARBC 952 $a21 A 31 17$b1729a\436$fDINPU 952 $a10.437$b2807$fDARST 952 $aDE FUSCO 928$bRDF 966$fDARST 959 $aFARBC 959 $aDINPU 959 $aDARST 996 $aFrank Lloyd Wright$9350523 997 $aUNINA